Programming logic and design: comprehensive./ (Record no. 2348)

MARC details
000 -LEADER
fixed length control field 01167nam a22001697a 4500
008 - FIXED-LENGTH DATA ELEMENTS--GENERAL INFORMATION
fixed length control field 120918t xxu||||| |||| 00| 0 eng d
020 ## - INTERNATIONAL STANDARD BOOK NUMBER
International Standard Book Number 148836338
050 ## - LIBRARY OF CONGRESS CALL NUMBER
Classification number QA76.63.F373
100 ## - MAIN ENTRY--PERSONAL NAME
Personal name Farrell, Joyce.
245 ## - TITLE STATEMENT
Title Programming logic and design: comprehensive./
Statement of responsibility, etc. Joyce Farrell
250 ## - EDITION STATEMENT
Edition statement 4th ed.
260 ## - PUBLICATION, DISTRIBUTION, ETC.
Date of publication, distribution, etc. 2007.
Place of publication, distribution, etc. Boston:
Name of publisher, distributor, etc. Thomson,
300 ## - PHYSICAL DESCRIPTION
Extent xvi, 671 + various pagings:
Other physical details ill,;
Dimensions 24cm.
500 ## - GENERAL NOTE
General note Includes index and glossary.
505 ## - FORMATTED CONTENTS NOTE
Formatted contents note Contents: An Overview of computers and logic -- Understanding structure -- Modules, hierachy charts, and documentation -- Designing and writing a complete program -- Making decisions -- Looping -- Control breaks -- Arrays -- Advanced array manipulation -- Using menus and validating input -- Sequential file merging, matching, and updating -- Advanced modulization techniques -- Object-oriented programming -- Event-driven programming with graphical user interfaces -- System modelling with UML -- Using relational databases -- Appendix A: Solving difficult struturing problems -- Appendix B: Understanding numbering systems and computer codes -- Appendix C: Using a large decision table.
942 ## - ADDED ENTRY ELEMENTS (KOHA)
Source of classification or shelving scheme Library of Congress Classification
Koha item type Books
Holdings
Withdrawn status Lost status Source of classification or shelving scheme Damaged status Not for loan Home library Current library Shelving location Date acquired Total Checkouts Full call number Barcode Date last seen Copy number Price effective from Koha item type
    Library of Congress Classification     WISCONSIN INTERNATIONAL UNIVERSITY COLLEGE, GHANA - MAIN LIBRARY WISCONSIN INTERNATIONAL UNIVERSITY COLLEGE, GHANA - MAIN LIBRARY General Stacks 18/09/2012   QA76.63.F373 5104/12 18/09/2012 1 18/09/2012 Books
    Library of Congress Classification     WISCONSIN INTERNATIONAL UNIVERSITY COLLEGE, GHANA KUMASI LIBRARY WISCONSIN INTERNATIONAL UNIVERSITY COLLEGE, GHANA KUMASI LIBRARY General Stacks 15/11/2019   QA76.63.F373 K/2332/2332/19 07/06/2022 1 07/06/2022 Books
    Library of Congress Classification     WISCONSIN INTERNATIONAL UNIVERSITY COLLEGE, GHANA KUMASI LIBRARY WISCONSIN INTERNATIONAL UNIVERSITY COLLEGE, GHANA KUMASI LIBRARY General Stacks 15/11/2019   QA76.63.F3731 K/2333/2333/19 07/06/2022 2 07/06/2022 Books

If you have any concerns or questions; kindly contact the library


© Powered by WIUC ICT DIRECTORATE